التجارة الإلكترونية عبر الإنترنت / (رقم التسجيلة. 163481)
[ عرض عادي ]
| 000 -LEADER | |
|---|---|
| fixed length control field | 02252nam a2200289Ia 4500 |
| 005 - DATE AND TIME OF LATEST TRANSACTION | |
| control field | 20250223033105.0 |
| 008 - FIXED-LENGTH DATA ELEMENTS--GENERAL INFORMATION | |
| fixed length control field | 231030s9999 xx 000 0 und d |
| 049 ## - LOCAL HOLDINGS (OCLC) | |
| Holding library | إيداع |
| 082 ## - DEWEY DECIMAL CLASSIFICATION NUMBER | |
| Classification number | 340 |
| 097 ## - Thesis Degree | |
| Thesis Level | Ph.D |
| 099 ## - LOCAL FREE-TEXT CALL NUMBER (OCLC) | |
| Classification number | Cai01.04.06.Ph.D.2023.مح.ت |
| 100 ## - MAIN ENTRY--PERSONAL NAME | |
| Personal name | محروس صديق محمد، |
| 245 ## - TITLE STATEMENT | |
| Title | التجارة الإلكترونية عبر الإنترنت / |
| Statement of responsibility, etc. | إعداد محروس صديق محمد ؛ إشراف سعيد سليمان جبر. |
| 246 ## - VARYING FORM OF TITLE | |
| Title proper/short title | Electronic commerce on the internet |
| 260 ## - PUBLICATION, DISTRIBUTION, ETC. | |
| Date of publication, distribution, etc. | 2023. |
| 336 ## - CONTENT TYPE | |
| Source | rda content |
| Content type term | text |
| 337 ## - MEDIA TYPE | |
| Source | rdamedia |
| Media type term | Unmediated |
| 338 ## - CARRIER TYPE | |
| Source | rdacarrier |
| Carrier type term | volume |
| 502 ## - DISSERTATION NOTE | |
| Dissertation note | أطروحة (دكتواره)-جامعة القاهرة، 2023. |
| 504 ## - BIBLIOGRAPHY, ETC. NOTE | |
| Bibliography, etc. note | ببليوجرافيا: ص. 763-799. |
| 520 ## - SUMMARY, ETC. | |
| Summary, etc. | تناولت هذه الدراسة موضوع التجارة الإلكترونية عبر الإنترنت ، واستهدفت دراسة التعاقد الإلكترونى عبر شبكة الإنترنت. وقد أثارت العقود الإلكترونية المبرمة عبر شبكة الإنترنت العديد من الإشكالات القانونية المتعلقة بإبرام العقد وإثباته. وتم التوصل من خلال هذا البحث إلى العديد من النتائج أبرزها: عدم اختلاف مفهوم العقد الإلكترونى عن مفهوم العقد التقليدي ، ولذا فهو يخضع فى تنظيمه للقواعد العامة التى تنظمها النظرية العامة للعقد ، ولكنه يتميز بخصوصية تقتضى وجود قواعد تشريعية خاصة. وفى ضوء نتائج البحث أوصت الدراسة بالعديد من التوصيات، والتي ركزت على ضرورة تدارك بعض أوجه القصور التشريعى في المسائل المتعلقة بالتعاقد الإلكترونى، والاسترشاد في ذلك بما جاءت به القوانين النموذجية والتشريعات المقارنة. |
| 653 ## - INDEX TERM--UNCONTROLLED | |
| Uncontrolled term | العقد الإلكترونى |
| 700 ## - ADDED ENTRY--PERSONAL NAME | |
| Personal name | سعيد سليمان جبر |
| 856 ## - ELECTRONIC LOCATION AND ACCESS | |
| Uniform Resource Identifier | <a href="http://172.23.153.220/th.pdf">http://172.23.153.220/th.pdf</a> |
| 905 ## - LOCAL DATA ELEMENT E, LDE (RLIN) | |
| Cataloger | Mohamady |
| 942 ## - ADDED ENTRY ELEMENTS (KOHA) | |
| Koha item type | Thesis |
| Source of classification or shelving scheme | Dewey Decimal Classification |
| Source of classification or shelving scheme | Not for loan | Home library | Current library | Date acquired | Full call number | Barcode | Date last seen | Koha item type |
|---|---|---|---|---|---|---|---|---|
| Dewey Decimal Classification | المكتبة المركزبة الجديدة - جامعة القاهرة | قاعة الرسائل الجامعية - الدور الاول | 11.02.2024 | Cai01.04.06.Ph.D.2023.مح.ت | 01010100030606000 | 30.10.2023 | Thesis |